Statistics for Countries Hosting a 2016 ATP Tennis Tournament

Click here to take the quiz!

General Stats

  • This quiz has been taken 255 times
  • The average score is 24 of 31

Answer Stats

monthcountry% Correct
JanuaryAustralia
97%
FebruaryUnited States
97%
AprilSpain
96%
JuneUnited Kingdom
96%
FebruaryFrance
95%
SeptemberChina
94%
OctoberJapan
91%
AprilGermany
90%
MayItaly
90%
JulyCanada
89%
FebruaryBrazil
87%
FebruaryArgentina
86%
FebruaryMexico
86%
SeptemberRussia
86%
JulySweden
82%
JulyAustria
80%
JanuaryNew Zealand
80%
MaySwitzerland
79%
AprilPortugal
77%
OctoberBelgium
76%
JanuaryIndia
76%
FebruaryNetherlands
76%
JanuaryQatar
68%
FebruaryUnited Arab Emirates
64%
JulyCroatia
60%
AprilTurkey
59%
AprilRomania
52%
FebruaryBulgaria
49%
AprilMorocco
48%
SeptemberMalaysia
36%
FebruaryEcuador
27%

Score Distribution

Percentile by Number Answered

Percent of People with Each Score

Your Score History

You have not taken this quiz